000 003580000a22001570004500
001 004857
003 MACL
040 _aMACL
090 _c16850
_d16849
100 _aRobertson,
245 _aBhakti Tradition Of Vaishnava And Theology Of Religion
_cRobertson
260 _aPunthi Pustak,
_c2006
350 _a750
650 _aReligion
942 _k290
_cBook
999 _c16740
_d16740